2018 Senate Winners For Each State - Statistics

General Stats
  • This quiz has been taken 36 times
  • The average score is 24 of 33
Answer Stats
State Answer Party % Correct
Texas Ted Cruz Rep
100%
Vermont Bernie Sanders Ind
93%
California Dianne Feinstein Dem
85%
West Virginia Joe Manchin Dem
85%
Utah Mitt Romney Rep
85%
Florida Rick Scott Rep
85%
Virginia Tim Kaine Dem
85%
Minnesota Amy Klobuchar Dem
81%
Maine Angus King Ind
81%
Massachusetts Elizabeth Warren Dem
81%
Montana Jon Tester Dem
81%
Arizona Martha McSally Rep
81%
Hawaii Mazie Hirono Dem
81%
New York Kirsten Gillibrand Dem
78%
Tennessee Marsha Blackburn Rep
78%
Ohio Sherrod Brown Dem
78%
Pennsylvania Bob Casey Dem
70%
Missouri Josh Hawley Rep
70%
Indiana Mike Braun Rep
70%
Connecticut Christopher S. Murphy Dem
67%
Michigan Debbie Stabenow Dem
67%
Nevada Jacky Rosen Dem
67%
New Jersey Robert Menendez Dem
67%
Wisconsin Tammy Baldwin Dem
67%
Nebraska Deb Fischer Rep
63%
Washington Maria Cantwell Dem
63%
Rhode Island Sheldon Whitehouse Dem
63%
Maryland Ben Cardin Dem
59%
Mississippi Roger Wicker Rep
59%
Wyoming John Barrasso Rep
52%
New Mexico Martin Heinrich Dem
52%
Delaware Thomas R. Carper Dem
48%
North Dakota Kevin Cramer Rep
30%
No matching quizzes found
Score Distribution
Percent of People with Each Score
Percentile by Number Answered
Your Score History
You have not taken this quiz